History Quiz

Random History or Politics Quiz

Russian Leaders (Since 1917) Quiz Stats

 Plays Quiz Updated Nov 6, 2018

     
Support Sporcle.
Go Orange.
Score 0/11 Timer 03:00
0 Plays Today
Year(s) Leader % Correct
1922-1953Iosif Stalin
97.6%
2012-presentVladimir Putin
95.7%
1917-1924Vladimir Lenin
95.7%
1999-2008Vladimir Putin
92.8%
1985-1991Mikhail Gorbachev
82.5%
1991-1999Boris Yeltsin
70.4%
1953-1964Nikita Khrushchev
57.7%
1964-1982Leonid Brezhnev
54.3%
2008-2012Dmitry Medvedev
52.8%
1982-1984Yuriy Andropov
39.5%
1984-1985Konstantin Chernenko
25%

From the Vault

MLB Division Titles

by jbradley311

Sports 2m
When winning the wild card just isn't good enough.
Remove Ads.
Support Sporcle.
Get the best of Sporcle when you Go Orange. This ad-free experience offers more features, more stats, and more fun while also helping to support Sporcle. Thank you for becoming a member.

Show Comments

Extras

Top Quizzes Today


Score Distribution

Your Account Isn't Verified!

In order to create a playlist on Sporcle, you need to verify the email address you used during registration. Go to your Sporcle Settings to finish the process.

Report this User

Report this user for behavior that violates our Community Guidelines.

Details: